00568cam a2200181 a 4500003000400000005001700004008004100021017004500062020001800107040001400125100001900139245005700158260003700215300001900252504003600271650004800307650003100355OSt20220201164547.0140324s2014 spc ||| |||| 000 0 spa|d aDL B. 2739-2014bBiblioteca de Catalunya a9788498753615 bcatcCDMR1 aStalman, Andy 10aBrandoffonb: el branding del futuro cAndy Stalman  aBarcelona bGestión 2000c2014 a190 p. c23 cm aReferències bibliogràfiques 7aConstrucció de marcaxMàrqueting2lemac04aCreativitat en els negocis